Skip to content
VuFind
All Fields
Title
Author
Subject
Call Number
ISBN/ISSN
Tag
Find
Advanced
Davies on contract
Cite this
Print
Export Record
Export to RefWorks
Export to EndNoteWeb
Export to EndNote
Export to MARC
Davies on contract
Bibliographic Details
Format:
Book
Holdings
Description
Similar Items
Staff View
MARC
LEADER
00000cam a2200000 7i4500
001
0000009033
002
000009843
005
20000330.0
020
|a
0421522801
090
0
0
|a
346.4102
|b
UPE
245
1
0
|a
Davies on contract
999
|a
047948
|b
BUKU
|c
PINJAMAN
|e
PERPUSTAKAAN KOMUNITI PETALING JAYA
Similar Items
Contract law
by: Andrews, Neil
Contract law
by: Mckendrick, Ewan
Published: (2005)
Law of contract
by: Taylor, Richard D
Published: (1998)
Contract law : 2009-2010
by: Stone, Richard
Published: (2009)
Business contracts : turn any business contract to your advantage (with CD ROM)
by: Plimpton, Laura
Published: (2007)